Eutimio Falla Bonet: su obra filantrópica y la arquitectura
Αποθηκεύτηκε σε:
| Κύριος συγγραφέας: | |
|---|---|
| Μορφή: | Βιβλίο |
| Γλώσσα: | Ισπανικά |
| Έκδοση: |
Ginebra
Skira
1971
|
| Θέματα: | |
| Ετικέτες: |
Προσθήκη ετικέτας
Δεν υπάρχουν, Καταχωρήστε ετικέτα πρώτοι!
|
MARC
| LEADER | 00000nam a2200000 a 4500 | ||
|---|---|---|---|
| 001 | UCY2923 | ||
| 003 | CL-VaPUC | ||
| 008 | 941129e19710000SZ |||||||||||||||||spa|d | ||
| 082 | 0 | 4 | |a 720.288 |b MAZ |2 21 |
| 100 | |a Maza, Aquiles de la |e autor |9 331091 | ||
| 245 | 1 | 0 | |a Eutimio Falla Bonet: su obra filantrópica y la arquitectura |
| 300 | |a 124 p | ||
| 942 | |c BK | ||
| 945 | |d 19941129 00:00:00 |a mfernand | ||
| 260 | |a Ginebra |b Skira |c 1971 | ||
| 650 | 0 | |a Arquitectura |v Conservación y restauración |9 317557 | |
| 583 | |a last modification |c 19941129 00:00:00 |k Rodrigo Vera | ||
| 999 | |c 231192 |d 231190 | ||
| 952 | |0 0 |1 0 |4 0 |6 720_288000000000000_MAZ_1971 |7 0 |8 P |9 234065 |a BIBARQ |b BIBARQ |d 2019-11-15 |i 3037517 |o 720.288 MAZ 1971 |p 3037517 |r 2025-01-20 |w 2019-11-15 |y BK |k ARQ | ||